| 000 | 00848nam a22002177a 4500 | ||
|---|---|---|---|
| 999 |
_c2796 _d2796 |
||
| 003 | AR-CdUCM | ||
| 008 | 190305b ||||| |||| 00| 0 spa d | ||
| 040 |
_aMUNICIPALIDAD PROVINCIAL DEL CUSCO _cBIBLIOTECA MUNICIPAL DEL CUSCO |
||
| 082 |
_a373.4 / _bC27 |
||
| 100 |
_aCari Mamani, Hernan M. _99733 |
||
| 245 | _aInvestigación científica educativa / | ||
| 260 |
_aCusco : _bTiendas lari, _c2011. |
||
| 300 |
_a179 paginas ; _c21 cm. |
||
| 505 | _aBases teóricas del conocimiento científico -- La ciencia -- El método de la investigación -- Fundamentos teóricos de investigación científica -- Matriz de investigación científica ... | ||
| 650 |
_aMétodo científico _99734 |
||
| 650 |
_aInvestigación científica _99735 |
||
| 650 |
_aInvestigación educativa _99736 |
||
| 650 |
_aCiencia _92098 |
||
| 942 |
_2ddc _cLIBROS |
||
| 945 | _aacv | ||